| 000 | 00775nam a22002177a 4500 | ||
|---|---|---|---|
| 999 |
_c9944 _d9944 |
||
| 003 | AR-CdUCM | ||
| 008 | 190328b ||||| |||| 00| 0 spa d | ||
| 040 |
_aMUNICIPALIDAD PROVINCIAL DEL CUSCO _cBIBLIOTECA MUNICIPAL DEL CUSCO |
||
| 082 |
_a869.56 / _bT73T / 1957 |
||
| 100 |
_aTórres Guzmán, Florencio _926499 |
||
| 245 | _aTres poemas en el día de la madre y un canto al eterno labriego / | ||
| 260 |
_aPotosí : _bPublicaciones "Estímulo", _c1957. |
||
| 300 |
_a[s,n] ; _c23 cm. |
||
| 500 | _aDonación de la familia Nieto. Publicaciones del sur andino, y artesanal. | ||
| 650 |
_aPoesía boliviana _92577 |
||
| 650 |
_aPoetas bolivianos _915315 |
||
| 650 |
_aLiteratos del sur andino _926500 |
||
| 650 |
_aSiglo XX _98 |
||
| 942 |
_2ddc _cLIBROS |
||
| 945 | _alccs | ||